000 00542nam a2200157 a 4500
001 000041559
005 20201002035635.0
008 131011s1977 gr ab 000 0 spa d
020 _a2858020221
040 _aDO-SdBNP
_bsps
_cBNPHU
082 _axxx
_bM149L
100 1 _aMachel, Samora,
_d1933-1986.
_968301
245 1 3 _aLe processus de la révolution démocratique populaire au Mozambique :
_btextes du président du FRELIMO, 1970-1974 /
_cSamora Machel.
260 _aParis :
_bL'Harmattan,
_c1977.
300 _a255 P. :
_bill., maps ;
_c22 cm.
999 _c41049
_d41049